[Event "12th Goodricke Open, Calcutta IND"]
[Site "?"]
[Date "2001.??.??"]
[Round "2"]
[White "Vladimirov, E."]
[Black "Rahman, Zia"]
[Result "1-0"]
[WhiteElo "2610"]
[BlackElo "2445"]
[PlyCount "120"]
[EventDate "2001.??.??"]
[Source "www.chesslib.no"]
[SourceDate "2004.05.04"]

1. c4 b6 2. Nc3 e6 3. e4 Bb7 4. Nge2 Nf6 5. Ng3 h5 6. h4 Bd6 7. d3 Bxg3 8. fxg3 d6 9. Be2 Nc6 10. Bg5 Qd7 11. d4 Nh7 12. Be3 g6 13. Qd2 O-O-O 14. O-O-O Ne7 15. Qc2 f5 16. Bf3 fxe4 17. Nxe4 d5 18. cxd5 Nxd5 19. Bd2 a5 20. a3 Bc6 21. Kb1 Ba4 22. b3 Bb5 23. Nc3 Nxc3+ 24. Bxc3 Nf6 25. d5 Rhf8 26. Qxg6 Nxd5 27. Bb2 a4 28. b4 Qc6 29. Rc1 Qd6 30. Qxh5 Rf5 31. Qh6 Kb8 32. g4 Rf7 33. Rhd1 Rfd7 34. Ka1 Qe7 35. Re1 Rd6 36. Qg7 Qxh4 37. Bxd5 R8d7 38. Qf8+ Rd8 39. Qg7 R8d7 40. Qf8+ Rd8 41. Qf6 Qxf6 42. Bxf6 exd5 43. Bxd8 Rxd8 44. Re7 Bc4 45. Rce1 Kb7 46. Rh1 Rf8 47. g5 Rf2 48. g6 Ra2+ 49. Kb1 Rxg2 50. g7 b5 51. Rh5 Kc6 52. Rh6+ Kb7 53. Rd6 Bb3 54. Rd8 d4 55. Rxd4 Rg1+ 56. Kb2 Rg2+ 57. Kc3 Kb6 58. Rd8 Rg3+ 59. Kd2 Rg2+ 60. Ke3 Bc4 1-0

[Event "TCh-SWE Elitserien 2004-5"]
[Site "?"]
[Date "2005.02.26"]
[Round "8"]
[White "Agrest Evgenij"]
[Black "Karlsson Lars"]
[Result "0-1"]
[WhiteElo "2579"]
[BlackElo "2472"]
[PlyCount "150"]
[EventDate "2005.??.??"]
[Source "www.chesslib.no"]
[SourceDate "2004.05.04"]

1. c4 e6 2. Nf3 f5 3. g3 Nf6 4. Bg2 d5 5. b3 Nc6 6. Bb2 Be7 7. O-O O-O 8. e3 a5 9. Nc3 Ne4 10. Nb5 a4 11. d3 Nc5 12. cxd5 exd5 13. Bc3 axb3 14. axb3 Rxa1 15. Qxa1 Ne6 16. Rd1 Bf6 17. Bxf6 Rxf6 18. d4 g5 19. Ne5 Ne7 20. Qa5 c6 21. Qxd8+ Nxd8 22. Nc3 Nf7 23. Nd3 Nd6 24. Ra1 Rf8 25. f4 Ne4 26. Na4 gxf4 27. Nxf4 Ng6 28. Nd3 h5 29. Nb6 h4 30. Ra8 Nd6 31. Nc5 hxg3 32. hxg3 Ne7 33. Bf3 Kf7 34. Bh5+ Kg7 35. Be2 Rg8 36. Bd3 Kf6 37. Kf2 Be6 38. Ra1 Rh8 39. Kg2 Nec8 40. Nbd7+ Bxd7 41. Nxd7+ Ke6 42. Nc5+ Ke7 43. Bc2 Nb6 44. Rf1 Rh5 45. Nd3 Nd7 46. Ra1 Rh8 47. Ra7 Rb8 48. Ne1 Nf6 49. Nf3 Ng4 50. Ne5 Nxe3+ 51. Kf3 Nxc2 52. Nxc6+ Kd7 53. Nxb8+ Kc7 54. Ra8 Nxd4+ 55. Kf4 Nxb3 56. Ra3 Nc5 57. Rc3 Nde4 58. Rc1 Kxb8 59. Rg1 Kc7 60. Kxf5 Kd6 61. g4 Ne6 62. Rb1 b5 63. Ra1 N6g5 64. Ra8 b4 65. Rb8 Kc5 66. Ke5 Nc3 67. Rc8+ Kb5 68. Kd4 Nge4 69. Rg8 b3 70. g5 Kb4 71. Kd3 Nxg5 72. Rb8+ Nb5 73. Rd8 Ne6 74. Rh8 Ned4 75. Rh2 Ka3 0-1

[Event "Gausdal Int"]
[Site "Gausdal"]
[Date "1991.??.??"]
[Round "2"]
[White "Ostenstad, Berge"]
[Black "Kengis, Edvins"]
[Result "0-1"]
[WhiteElo "2475"]
[BlackElo "2575"]
[PlyCount "76"]
[EventDate "1991.08.??"]
[Source "ChessBase"]

1. Nf3 b6 2. c4 Bb7 3. Nc3 e6 4. e4 Bb4 5. Bd3 Ne7 6. a3 Bxc3 7. dxc3 d6 8. O-O Nd7 9. b4 O-O 10. Re1 Ng6 11. Bg5 Qe8 12. Nd4 h6 13. Bc1 Nf6 14. f3 Rd8 15. Bf1 c5 16. Nc2 Qc6 17. Ne3 d5 18. cxd5 exd5 19. exd5 Nxd5 20. Nxd5 Rxd5 21. Qc2 Qf6 22. Be3 Rh5 23. bxc5 Qe5 24. h3 bxc5 25. Qf2 Nf4 26. Bxf4 Qxf4 27. Re7 Rxh3 28. Be2 Ba8 29. Rxa7 Rh5 30. g3 Qd2 31. Rd1 Qxc3 32. a4 Bc6 33. a5 Re8 34. Rc7 Qc2 35. Re1 Bb5 36. Bxb5 Rxe1+ 37. Qxe1 Qh2+ 38. Kf1 Qh1+ 0-1

[Event "4. OIBM"]
[Site "?"]
[Date "2000.11.05"]
[Round "9"]
[White "Froehlich Peter"]
[Black "Landa Konstantin"]
[Result "0-1"]
[WhiteElo "2440"]
[BlackElo "2610"]
[PlyCount "90"]
[EventDate "2000.??.??"]
[Source "www.chesslib.no"]
[SourceDate "2004.05.04"]

1. Nf3 e6 2. c4 b6 3. g3 Bb7 4. Bg2 f5 5. O-O Nf6 6. b3 Be7 7. Bb2 O-O 8. d3 a5 9. a3 Na6 10. Nc3 Qe8 11. e4 fxe4 12. Ng5 Qh5 13. Qxh5 Nxh5 14. Ngxe4 d5 15. Nd2 Nc5 16. cxd5 Nxd3 17. d6 Bxg2 18. dxe7 Bxf1 19. exf8=Q+ Rxf8 20. Rxf1 Nxb2 21. Nb5 Rf7 22. Ne4 Nf6 23. Ng5 Re7 24. Rb1 Nd3 25. Rd1 h6 26. Nxe6 Nxf2 27. Rd8+ Kf7 28. Nbxc7 Nh3+ 29. Kg2 Ng5 30. Rf8+ Kg6 31. Nf4+ Kh7 32. Rh8+ Kxh8 33. Ng6+ Kh7 34. Nxe7 Nge4 35. Ned5 Nd7 36. b4 Nd2 37. Na8 Nc4 38. bxa5 bxa5 39. a4 Kg6 40. Kf3 Kf5 41. Ne3+ Nxe3 42. Kxe3 Ke5 43. Kd3 Kd6 44. Kc4 Kc6 45. Nc7 Nb6+ 0-1

[Event "Monarch Assurance"]
[Site "Isle of Man"]
[Date "2007.09.28"]
[Round "7.12"]
[White "Troyke, Christian"]
[Black "Krasenkow, Michal"]
[Result "0-1"]
[WhiteElo "2386"]
[BlackElo "2660"]
[PlyCount "56"]
[EventDate "2007.09.22"]
[Source "www.chesslib.no"]
[SourceDate "2004.05.04"]

1. c4 b6 2. Nc3 Bb7 3. e4 e6 4. Nge2 c5 5. g3 h5 6. h3 h4 7. Bg2 hxg3 8. fxg3 Nc6 9. d3 Nge7 10. Bg5 f6 11. Be3 Ng6 12. Nf4 Nge5 13. a3 a6 14. h4 Bd6 15. Qb3 g5 16. hxg5 Rxh1+ 17. Bxh1 fxg5 18. Qd1 gxf4 19. Qh5+ Nf7 20. gxf4 Qe7 21. e5 Bc7 22. Bf2 Qf8 23. Bh4 Qh6 24. Qxh6 Nxh6 25. Bf3 Bd8 26. Bh5+ Kf8 27. Bxd8 Rxd8 28. Na4 Nd4 0-1

[Event "Tungsram"]
[Site "Budapest"]
[Date "1977.??.??"]
[Round "?"]
[White "Spassov, Liuben"]
[Black "Sax, Gyula"]
[Result "1/2-1/2"]
[WhiteElo "2480"]
[BlackElo "2565"]
[PlyCount "58"]
[EventDate "1977.08.??"]
[Source "ChessBase"]

1. Nf3 g6 2. c4 Bg7 3. e4 e5 4. d4 exd4 5. Nxd4 Nf6 6. Nc3 O-O 7. Be2 Re8 8. f3 c6 9. O-O d5 10. exd5 cxd5 11. Kh1 Nh5 12. g4 Qh4 13. Kg2 Be5 14. Rh1 Nc6 15. Nxc6 bxc6 16. Qe1 Qf6 17. gxh5 Qe6 18. h4 Bxc3 19. Qxc3 Qxe2+ 20. Kg3 Qxc4 21. Qf6 Qe2 22. Bf4 Qe7 23. Qxc6 Bb7 24. Qb5 a6 25. Qb6 d4 26. Rhe1 Qd7 27. Qf6 Qf5 28. Qxf5 gxf5 29. Kf2 f6 1/2-1/2

[Event "Swidnica op-A"]
[Site "?"]
[Date "2000.??.??"]
[Round "7"]
[White "Sergeev Vlastimil Stepanovi"]
[Black "Kengis Edvins"]
[Result "1/2-1/2"]
[WhiteElo "2470"]
[BlackElo "2570"]
[PlyCount "93"]
[EventDate "2000.??.??"]
[Source "www.chesslib.no"]
[SourceDate "2004.05.04"]

1. c4 b6 2. Nc3 Bb7 3. Nf3 e6 4. b3 Nf6 5. Bb2 g6 6. e3 Bg7 7. Be2 O-O 8. O-O d5 9. Rc1 c5 10. d4 Nbd7 11. cxd5 Nxd5 12. Nxd5 Bxd5 13. Ba3 Rc8 14. Bb5 Rc7 15. Qe2 Qa8 16. Rfd1 Rfc8 17. Bxd7 Rxd7 18. dxc5 Rdc7 19. cxb6 Rxc1 20. Rxc1 Rxc1+ 21. Bxc1 axb6 22. h3 h6 23. Ne1 Bb7 24. Qc2 Be4 25. Qd2 g5 26. f3 Bg6 27. Kf2 Kh7 28. a3 Qc6 29. Bb2 e5 30. Qc3 Qe6 31. Nd3 f6 32. e4 Bf7 33. Nc1 h5 34. g4 Bf8 35. Qc7 Bc5+ 36. Ke2 Kg7 37. a4 hxg4 38. hxg4 Kh6 39. Kd2 Be8 40. a5 Bb4+ 41. Bc3 bxa5 42. Bxb4 axb4 43. Qc5 Qa6 44. Nd3 Bf7 45. Qxb4 Qa2+ 46. Ke3 Qxb3 47. Qxb3 1/2-1/2

[Event "Wichern Open"]
[Site "Hamburg GER"]
[Date "1993.??.??"]
[Round "7"]
[White "Ftacnik, Lubomir"]
[Black "Karlsson, Lars C-G"]
[Result "1/2-1/2"]
[WhiteElo "2535"]
[BlackElo "2505"]
[PlyCount "87"]
[EventDate "1993.10.??"]
[Source "www.chesslib.no"]
[SourceDate "2004.05.04"]

1. Nf3 e6 2. c4 f5 3. g3 Nf6 4. Bg2 d5 5. O-O c6 6. b3 Bd6 7. Ba3 e5 8. d4 e4 9. Ne5 O-O 10. f4 Be6 11. Bxd6 Qxd6 12. Nc3 Nbd7 13. Rc1 Qe7 14. Qd2 Rad8 15. Nxd7 Bxd7 16. c5 h6 17. b4 Nh5 18. e3 g5 19. b5 gxf4 20. gxf4 Kh8 21. Qf2 Rg8 22. bxc6 bxc6 23. Kh1 Rg4 24. Rg1 Rdg8 25. Bh3 Rxg1+ 26. Rxg1 Rxg1+ 27. Kxg1 Bc8 28. Ne2 Ng7 29. Ng3 Kh7 30. Qb2 Qc7 31. Bf1 Qb7 32. Qb3 Qc7 33. Be2 Qa5 34. Kf2 Ba6 35. a3 Bxe2 36. Nxe2 Qc7 37. Ng3 Kg6 38. Qb4 Nh5 39. a4 Nxf4 40. exf4 Qxf4+ 41. Kg1 Qe3+ 42. Kg2 Qf3+ 43. Kg1 Qe3+ 44. Kg2 1/2-1/2

[Event "Campionato europeo 2007"]
[Site "Dresda GER"]
[Date "2007.04.07"]
[Round "5.127"]
[White "Nielsen, Peter Heine"]
[Black "Potapov, Pavel"]
[Result "1-0"]
[WhiteElo "2649"]
[BlackElo "2384"]
[PlyCount "173"]
[EventDate "2007.04.03"]
[Source "www.chesslib.no"]
[SourceDate "2004.05.04"]

1. Nf3 f5 2. c4 Nf6 3. g3 g6 4. b4 Bg7 5. Bb2 O-O 6. Bg2 d6 7. d4 a5 8. b5 Qe8 9. O-O Nbd7 10. Nbd2 h6 11. Re1 Qf7 12. Qc2 Nb6 13. d5 Nbd7 14. Nd4 Nc5 15. N4b3 Nfd7 16. Nxc5 Nxc5 17. Nb3 Bxb2 18. Qxb2 f4 19. Kh1 f3 20. exf3 Nd3 21. Qd2 Nxe1 22. Rxe1 e5 23. Qxh6 Bd7 24. Nd2 Qg7 25. Qe3 b6 26. Ne4 Bf5 27. Ng5 Rae8 28. h4 Qf6 29. Bf1 Re7 30. Kg2 Rfe8 31. Bd3 Rg7 32. Be4 Rge7 33. Rh1 Rg7 34. Kf1 Kf8 35. Kg2 Kg8 36. h5 gxh5 37. Rxh5 Qg6 38. g4 Bxe4 39. Nxe4 Rf8 40. Rh6 Qf5 41. Qd3 Qf4 42. Rh5 Rgf7 43. Rh3 Rg7 44. a4 Rff7 45. g5 Kf8 46. Rg3 Qc1 47. Nf6 Rxg5 48. Nh7+ Rxh7 49. Qxh7 Rxg3+ 50. fxg3 Qxc4 51. Qe4 Qc1 52. Kh3 Qh6+ 53. Qh4 Qc1 54. Kg4 Qc4+ 55. Kf5 Qxd5 56. Qd8+ Kg7 57. Qxc7+ Kh6 58. Qc6 Qf7+ 59. Ke4 Qe6 60. Qd5 Qg6+ 61. Ke3 Qxg3 62. Qxd6+ Kh5 63. Ke4 Qf4+ 64. Kd5 Qxf3+ 65. Kxe5 Qe3+ 66. Kd5 Qb3+ 67. Kc6 Qxa4 68. Kxb6 Qb4 69. Qc5+ Kg6 70. Kc6 Qe4+ 71. Kc7 Qf4+ 72. Kb7 a4 73. b6 Qf3+ 74. Ka7 a3 75. b7 a2 76. Qc2+ Qf5 77. Qxa2 Qc5+ 78. Ka8 Qc6 79. Qa5 Kf7 80. Ka7 Qd7 81. Qc5 Kg7 82. Kb6 Qe6+ 83. Qc6 Qe3+ 84. Kc7 Qf4+ 85. Qd6 Qc4+ 86. Kd8 Qg8+ 87. Kd7 1-0

[Event "It Open"]
[Site "It (open)"]
[Date "1982.??.??"]
[Round "?"]
[White "Korchnoi, Viktor L"]
[Black "Bohm, Hans"]
[Result "1-0"]
[WhiteElo "2645"]
[BlackElo "2385"]
[PlyCount "79"]
[EventDate "1982.??.??"]
[Source "www.chesslib.no"]
[SourceDate "2004.05.04"]

1. c4 Nc6 2. g3 e5 3. Bg2 g6 4. b3 Bg7 5. Bb2 Nge7 6. Nc3 O-O 7. e3 a6 8. Nge2 Rb8 9. d4 exd4 10. exd4 d6 11. O-O b5 12. cxb5 axb5 13. Qd2 b4 14. Nd1 d5 15. Ne3 Bh6 16. Rfc1 Be6 17. Rc5 Qd6 18. f4 Rb6 19. Rac1 Ra8 20. Ba1 Nb8 21. h3 c6 22. Ng4 Bxg4 23. hxg4 Bg7 24. Re1 Nd7 25. Rc2 Nf6 26. Nc1 Ra7 27. Bf3 h5 28. gxh5 gxh5 29. Qh2 Nf5 30. Re5 Qd7 31. Nd3 Ng4 32. Bxg4 hxg4 33. Rce2 Bxe5 34. Nxe5 Qd8 35. Qh5 Ng7 36. Qh1 Qf6 37. Nxg4 Qg6 38. Qh4 Qb1+ 39. Kf2 Rxa2 40. Nf6+ 1-0

[Event "TCh-RUS, Tomsk RUS"]
[Site "?"]
[Date "2001.??.??"]
[Round "4"]
[White "Pigusov, E."]
[Black "Diu, V."]
[Result "1-0"]
[WhiteElo "2580"]
[BlackElo "2445"]
[PlyCount "67"]
[EventDate "2001.??.??"]
[Source "www.chesslib.no"]
[SourceDate "2004.05.04"]

1. Nf3 f5 2. c4 Nf6 3. Nc3 g6 4. d3 Bg7 5. e4 fxe4 6. dxe4 d6 7. Be2 Na6 8. e5 Ng4 9. exd6 exd6 10. Bg5 Qd7 11. h3 Nf6 12. O-O Nc5 13. Nd4 O-O 14. Bf3 c6 15. b4 Ne6 16. Nxe6 Qxe6 17. b5 Qxc4 18. Rc1 Ne8 19. bxc6 bxc6 20. Nd5 Qxa2 21. Ne7+ Kh8 22. Bxc6 Rb8 23. Bd5 Qa6 24. Nc6 Rb5 25. Nd8 Nf6 26. Bxf6 Bxf6 27. Nf7+ Rxf7 28. Bxf7 Bxh3 29. Qf3 Bf5 30. Bc4 d5 31. Bxb5 Qxb5 32. Rc8+ Kg7 33. Rc7+ Kh6 34. Qf4+ 1-0

[Event "Katrineholm 75/4"]
[Site "?"]
[Date "1999.??.??"]
[Round "?"]
[White "Speelman, Jonathan S"]
[Black "Berg, Emanuel"]
[Result "1-0"]
[WhiteElo "2601"]
[BlackElo "2424"]
[PlyCount "95"]
[EventDate "1999.??.??"]
[Source "ChessBase"]
[SourceDate "1999.02.01"]

1. Nf3 f5 2. c4 Nf6 3. Nc3 g6 4. d3 Bg7 5. e4 d6 6. exf5 Bxf5 7. h3 c5 8. Be3 Nc6 9. g4 Bd7 10. d4 cxd4 11. Nxd4 Rc8 12. Be2 O-O 13. Qd2 Qa5 14. Rd1 Nxd4 15. Bxd4 Bc6 16. O-O Ne4 17. Nxe4 Qxd2 18. Rxd2 Bxe4 19. Bxa7 Ra8 20. Bd4 Bh6 21. Rdd1 Rxa2 22. c5 d5 23. Bd3 Bxd3 24. Rxd3 Bf4 25. Bc3 e6 26. Re1 Kf7 27. Kg2 Rc8 28. Rf3 g5 29. h4 Ke7 30. hxg5 Bxg5 31. Rf5 Rg8 32. Rxd5 Bf6 33. Bxf6+ Kxf6 34. Rd6 Rxg4+ 35. Kf3 Rc4 36. Rdxe6+ Kf7 37. Re7+ Kg6 38. R1e6+ Kg5 39. Re5+ Kf6 40. R7e6+ Kf7 41. Rb6 Ra7 42. Rf5+ Ke8 43. Rh5 Kd8 44. Rxh7 Rxc5 45. Rbxb7 Rxb7 46. Rxb7 Kc8 47. Re7 Rb5 48. Re2 1-0

[Event "Camp. svizzero a sq. - Gligoric-Zurigo "]
[Site "Svizzera"]
[Date "2008.06.22"]
[Round "5.1"]
[White "Serafimov, Terrvel"]
[Black "Bauer, Christian"]
[Result "0-1"]
[WhiteElo "2399"]
[BlackElo "2624"]
[PlyCount "80"]
[EventDate "2008.03.02"]
[Source "www.chesslib.no"]
[SourceDate "2004.05.04"]

1. c4 b6 2. Nc3 Bb7 3. e4 e6 4. g3 f5 5. Bg2 Nf6 6. d3 fxe4 7. Nge2 Nc6 8. dxe4 Bc5 9. h3 Ne5 10. b3 O-O 11. O-O Qe8 12. Nf4 Rd8 13. Bb2 Ng6 14. Nd3 Bd4 15. Qe2 d6 16. Rad1 a6 17. Kh2 c5 18. f4 b5 19. Nb1 Bxb2 20. Nxb2 e5 21. f5 Ne7 22. Nc3 Nc6 23. g4 Nd4 24. Qe3 h6 25. Bf3 Qe7 26. Kg3 Nh7 27. Bg2 h5 28. gxh5 Rf6 29. Kh2 Rh6 30. Ne2 Rxh5 31. Nd3 Qh4 32. Nxd4 cxd4 33. Qe2 Nf6 34. Nf2 Rg5 35. Rg1 Qf4+ 36. Kh1 Rxg2 37. Rxg2 Nxe4 38. Nxe4 Qxe4 39. Qxe4 Bxe4 40. Kh2 Bxg2 0-1

[Event "Bethune Open 23rd"]
[Site "?"]
[Date "2000.??.??"]
[Round "4"]
[White "Chuchelov Vladimir"]
[Black "Bunzmann Dimitrij"]
[Result "1-0"]
[WhiteElo "2518"]
[BlackElo "2502"]
[PlyCount "61"]
[EventDate "2000.??.??"]
[Source "www.chesslib.no"]
[SourceDate "2004.05.04"]

1. Nf3 e6 2. c4 b6 3. g3 Bb7 4. Bg2 f5 5. O-O Nf6 6. Nc3 Bb4 7. Qc2 O-O 8. d3 Nc6 9. a3 Bd6 10. Nb5 Be7 11. d4 a6 12. Nc3 Qe8 13. Bf4 Rc8 14. d5 Nd8 15. Rad1 Qh5 16. Ne5 g5 17. Bc1 Bd6 18. Nxd7 Nxd7 19. dxe6 Nc5 20. Rxd6 cxd6 21. e7 Rf6 22. Bxg5 Bxg2 23. Kxg2 Nde6 24. Bxf6 Kf7 25. Nd5 Ne4 26. Bc3 Rg8 27. f3 Nxg3 28. e8=Q+ Rxe8 29. hxg3 Rg8 30. Rh1 Qg6 31. Kf1 1-0

[Event "Kotov Memorial"]
[Site "Odessa UKR"]
[Date "1989.??.??"]
[Round "?"]
[White "Krasenkow, Michal"]
[Black "Moskalenko, Viktor"]
[Result "0-1"]
[WhiteElo "2525"]
[BlackElo "2490"]
[PlyCount "78"]
[EventDate "1989.10.??"]
[Source "www.chesslib.no"]
[SourceDate "2004.05.04"]

1. Nf3 e6 2. c4 f5 3. g3 Nf6 4. Bg2 d5 5. O-O c6 6. d3 Be7 7. b3 a5 8. a3 O-O 9. Bb2 Na6 10. Nbd2 Nc5 11. b4 Na6 12. Qb3 Bd7 13. Bc3 Qb6 14. Rab1 axb4 15. axb4 Rae8 16. e4 fxe4 17. dxe4 Kh8 18. Qb2 Bc8 19. Ne5 Qc7 20. Nd3 Qd8 21. Rbd1 Qb6 22. e5 Ng8 23. c5 Qc7 24. Nb3 Nh6 25. Nd4 Nf5 26. Rfe1 Nxd4 27. Bxd4 Qd7 28. f4 Nc7 29. g4 Nb5 30. Bh3 Qd8 31. Rf1 b6 32. cxb6 Nxd4 33. Qxd4 Ba6 34. Rf3 Bxd3 35. Rfxd3 Qb8 36. Ra3 Bd8 37. Ra6 Re7 38. Rda1 Ref7 39. f5 Rb7 0-1

[Event "Chicago"]
[Site "?"]
[Date "1997.??.??"]
[Round "6"]
[White "Giardelli Sergio C"]
[Black "Shabalov Alexander"]
[Result "1/2-1/2"]
[WhiteElo "2460"]
[BlackElo "2555"]
[PlyCount "72"]
[EventDate "1997.??.??"]
[Source "www.chesslib.no"]
[SourceDate "2004.05.04"]

1. c4 b6 2. b3 Bb7 3. Bb2 e6 4. Nf3 f5 5. g3 Nf6 6. Bg2 g6 7. O-O Bg7 8. d3 O-O 9. Nbd2 d5 10. e4 dxe4 11. Ng5 Qxd3 12. Nxe6 Nc6 13. Nxf8 Rxf8 14. Re1 Qd6 15. Nf1 Qc5 16. Qe2 Nb4 17. Red1 Re8 18. Ba3 Ng4 19. Rab1 Ne5 20. Ne3 a5 21. Nd5 h5 22. Rd2 h4 23. gxh4 Ng4 24. Rbd1 Qd6 25. h3 Qh2+ 26. Kf1 Nxd5 27. cxd5 Nf6 28. d6 f4 29. d7 f3 30. dxe8=Q+ Nxe8 31. Bxf3 exf3 32. Qc4+ Kh7 33. Qg4 Qh1+ 34. Qg1 Qxh3+ 35. Ke1 Qe6+ 36. Kf1 Ba6+ 1/2-1/2

[Event "Bonn GSK-2"]
[Site "Bonn"]
[Date "1995.??.??"]
[Round "7"]
[White "Seul, Georg"]
[Black "Kengis, Edvins"]
[Result "1/2-1/2"]
[WhiteElo "2440"]
[BlackElo "2575"]
[PlyCount "50"]
[EventDate "1995.??.??"]
[Source "www.chesslib.no"]
[SourceDate "2004.05.04"]

1. c4 b6 2. Nc3 e6 3. Nf3 Bb7 4. g3 Bxf3 5. exf3 c5 6. d4 cxd4 7. Qxd4 Nc6 8. Qd3 Rc8 9. f4 Bb4 10. Bd2 Nf6 11. Bg2 Na5 12. b3 O-O 13. O-O d5 14. cxd5 Bxc3 15. Bxc3 Nxd5 16. Bxa5 bxa5 17. Rfd1 Nc3 18. Qxd8 Rfxd8 19. Rxd8+ Rxd8 20. Kf1 Kf8 21. Ke1 Ke7 22. Bf1 a4 23. bxa4 Nxa4 24. Rc1 Nb6 25. Rc3 Nd5 1/2-1/2

[Event "05sen.Europa-EM2005"]
[Site "?"]
[Date "2005.??.??"]
[Round "7"]
[White "Bukal Vladimir sr"]
[Black "Spassov Liuben D"]
[Result "1/2-1/2"]
[WhiteElo "2507"]
[BlackElo "2505"]
[PlyCount "29"]
[EventDate "2005.??.??"]
[Source "www.chesslib.no"]
[SourceDate "2004.05.04"]

1. c4 b6 2. Nc3 Bb7 3. e4 e6 4. Nf3 Bb4 5. Bd3 Ne7 6. O-O O-O 7. Qe2 Ng6 8. Bc2 f5 9. d4 Bxc3 10. bxc3 Bxe4 11. Bxe4 fxe4 12. Qxe4 Nc6 13. d5 exd5 14. cxd5 Qe7 15. Qxe7 1/2-1/2

[Event "Bled ol (Men)"]
[Site "?"]
[Date "2002.11.27"]
[Round "2"]
[White "Nyback Tomi"]
[Black "Navara David"]
[Result "0-1"]
[WhiteElo "2445"]
[BlackElo "2567"]
[PlyCount "48"]
[EventDate "2002.??.??"]
[Source "www.chesslib.no"]
[SourceDate "2004.05.04"]

1. Nf3 g6 2. c4 Bg7 3. e4 e5 4. d4 exd4 5. Nxd4 Nf6 6. Nc3 O-O 7. Be2 Re8 8. f3 c6 9. Nb3 d5 10. cxd5 cxd5 11. exd5 Na6 12. Bg5 Nb4 13. Qd2 Qb6 14. Na4 Qd6 15. O-O Qxd5 16. Rfd1 b6 17. Nc3 Qxd2 18. Rxd2 Bb7 19. Rad1 Nfd5 20. Nxd5 Bxd5 21. Bb5 Bc6 22. Bc4 Ba4 23. a3 Rac8 24. Rc1 Bxb3 0-1

[Event "IHEM 2004"]
[Site "Hamburg"]
[Date "2004.06.02"]
[Round "6.3"]
[White "Ftacnik, Lubomir"]
[Black "Kopylov, Mihail"]
[Result "1-0"]
[WhiteElo "2579"]
[BlackElo "2433"]
[PlyCount "61"]
[EventDate "2004.05.29"]
[Source "Roberto Alvarez"]
[SourceDate "2004.06.07"]

1. Nf3 e6 2. c4 f5 3. g3 Nf6 4. Bg2 d5 5. b3 Bd6 6. O-O Qe7 7. Bb2 c6 8. Nc3 O-O 9. d3 Nbd7 10. e4 dxe4 11. dxe4 f4 12. Qd2 e5 13. Rad1 Bc5 14. gxf4 exf4 15. Qxf4 Nh5 16. Qg5 Qf7 17. Rxd7 Bxd7 18. Qxc5 Nf4 19. Bc1 Nxg2 20. Ne5 Qe6 21. Kxg2 Qh3+ 22. Kg1 Bg4 23. f4 Rae8 24. Bd2 b6 25. Qd4 Kh8 26. Rf2 Bc8 27. f5 Qh5 28. Nxc6 Bb7 29. Rg2 Qf7 30. Nb4 Rd8 31. Nbd5 1-0

[Event "Maribor"]
[Site "Maribor"]
[Date "1996.??.??"]
[Round "?"]
[White "Razuvaev, Yuri S"]
[Black "Barle, Janez"]
[Result "1/2-1/2"]
[WhiteElo "2580"]
[BlackElo "2430"]
[PlyCount "51"]
[EventDate "1996.05.??"]
[Source "ChessBase"]

1. c4 b6 2. Nc3 e6 3. e4 Bb7 4. d3 Bb4 5. Qg4 Qf6 6. Bd2 Nc6 7. O-O-O Qg6 8. Qh4 Nf6 9. Nh3 Qg4 10. Qxg4 Nxg4 11. f3 Nf6 12. Nb5 Bxd2+ 13. Rxd2 O-O-O 14. d4 a6 15. Nc3 e5 16. dxe5 Nxe5 17. f4 Ng6 18. e5 Nh5 19. Rf2 Ne7 20. f5 Nc6 21. Be2 Nxe5 22. Bxh5 Nd3+ 23. Kd2 Nxf2 24. Nxf2 g6 25. Bf3 Bxf3 26. gxf3 1/2-1/2

[Event "Campionato europeo 2007"]
[Site "Dresda GER"]
[Date "2007.04.11"]
[Round "8.98"]
[White "Gasthofer, Alexander"]
[Black "Berelovich, Aleksandar"]
[Result "1/2-1/2"]
[WhiteElo "2453"]
[BlackElo "2556"]
[PlyCount "121"]
[EventDate "2007.04.03"]
[Source "www.chesslib.no"]
[SourceDate "2004.05.04"]

1. Nf3 f5 2. c4 Nf6 3. Nc3 g6 4. b4 Bg7 5. Bb2 d6 6. d4 O-O 7. c5 b6 8. Qb3+ Kh8 9. cxb6 axb6 10. e3 c5 11. Bb5 cxb4 12. Ne2 Ra5 13. Qxb4 Na6 14. Qb3 Be6 15. Bc4 Bxc4 16. Qxc4 Qd7 17. Rc1 Qb5 18. Qxb5 Rxb5 19. Bc3 Nd5 20. O-O Ra8 21. Rc2 Rc8 22. Rfc1 Kg8 23. Nd2 Nab4 24. Rb2 Nd3 25. Rxb5 Nxc1 26. Nxc1 Rxc3 27. Ncb3 e6 28. g3 Rc2 29. a4 g5 30. e4 Nc3 31. Rxb6 fxe4 32. Rxd6 Kf7 33. a5 Ne2+ 34. Kf1 Nxd4 35. Nxd4 Rxd2 36. Nf5 Ra2 37. Rd7+ Ke8 38. Re7+ Kf8 39. Rxe6 Rxa5 40. Nd6 Re5 41. Rxe5 Bxe5 42. Nxe4 g4 43. h3 h5 44. Nd2 Kf7 45. Nc4 Kf6 46. Nxe5 Kxe5 47. Kg2 Ke4 48. f4 gxf3+ 49. Kf2 h4 50. g4 Kf4 51. Ke1 Ke4 52. Kd2 Kf4 53. Ke1 Kg3 54. Kf1 Kf4 55. Kf2 Ke4 56. g5 Kf5 57. Kxf3 Kxg5 58. Ke4 Kg6 59. Kf4 Kg7 60. Kg5 Kh8 61. Kh6 1/2-1/2

[Event "New York WFW"]
[Site "New York"]
[Date "1990.??.??"]
[Round "?"]
[White "Mednis, Edmar John"]
[Black "Hodgson, Julian M"]
[Result "1-0"]
[WhiteElo "2450"]
[BlackElo "2555"]
[PlyCount "115"]
[EventDate "1990.09.??"]
[Source "ChessBase"]

1. c4 g5 2. d4 Bg7 3. Nc3 h6 4. e4 d6 5. Be3 Nc6 6. Nge2 Nf6 7. f3 a6 8. Qd2 Rb8 9. Nc1 Bd7 10. Nb3 e6 11. O-O-O b6 12. Kb1 Nh5 13. g3 e5 14. Be2 a5 15. dxe5 dxe5 16. c5 a4 17. Nxa4 Nd4 18. Nc3 bxc5 19. Nxc5 O-O 20. Nb3 c5 21. Nxc5 Bc6 22. Nb3 Rxb3 23. axb3 Qa8 24. Bxd4 exd4 25. Nb5 Rd8 26. Bc4 g4 27. Nc7 Qa7 28. Nd5 gxf3 29. Qd3 Kh8 30. Qxf3 f5 31. Qxf5 Ra8 32. Kc2 Qa2 33. Kd3 Bb5 34. Bxb5 Qxb3+ 35. Kd2 Rf8 36. Qxf8+ Bxf8 37. Be2 Qxb2+ 38. Ke1 Bd6 39. Bxh5 Qg2 40. Rf1 Qxh2 41. Be2 Qxg3+ 42. Kd2 Qb3 43. Rf3 Qb2+ 44. Ke1 Be5 45. Kf2 Bg7 46. Rdd3 Qb8 47. Rh3 Qe8 48. Rb3 Qf8+ 49. Rbf3 Qc5 50. Bd3 Qc1 51. Nf4 Qd2+ 52. Ne2 Be5 53. Rf5 Bg7 54. Rb5 Bf6 55. Rb8+ Kg7 56. Rb7+ Kh8 57. Rf3 Qg5 58. Rb8+ 1-0

[Event "URS Team Ch"]
[Site "Podolsk RUS"]
[Date "1990.??.??"]
[Round "?"]
[White "Makarov, Marat"]
[Black "Moskalenko, Viktor"]
[Result "1/2-1/2"]
[WhiteElo "2480"]
[BlackElo "2525"]
[PlyCount "56"]
[EventDate "1990.??.??"]
[Source "www.chesslib.no"]
[SourceDate "2004.05.04"]

1. Nf3 e6 2. c4 f5 3. g3 Nf6 4. Bg2 d5 5. O-O c6 6. d3 Be7 7. b3 O-O 8. Bb2 Ng4 9. h3 Nh6 10. Nbd2 Nd7 11. e4 dxe4 12. dxe4 Nc5 13. Qe2 Qd3 14. Rfe1 f4 15. Ne5 Qxe2 16. Rxe2 fxg3 17. fxg3 a5 18. Ndf3 a4 19. b4 a3 20. Bc3 Na4 21. Be1 Bf6 22. Rc1 Nf7 23. Nxf7 Bb2 24. Rd1 Kxf7 25. e5 Nc3 26. Bxc3 Bxc3 27. b5 Ke7 28. bxc6 bxc6 1/2-1/2

[Event "Mondariz op"]
[Site "?"]
[Date "1998.??.??"]
[Round "?"]
[White "Franco Ocampos Zenon"]
[Black "Kolev Atanas"]
[Result "1/2-1/2"]
[WhiteElo "2465"]
[BlackElo "2540"]
[PlyCount "20"]
[EventDate "1998.??.??"]
[Source "www.chesslib.no"]
[SourceDate "2004.05.04"]

1. Nf3 f5 2. c4 Nf6 3. Nc3 d6 4. d3 g6 5. e4 Bg7 6. exf5 gxf5 7. d4 O-O 8. Be2 Nc6 9. d5 Ne5 10. Nd4 c5 1/2-1/2

[Event "Cannes Open"]
[Site "Cannes FRA"]
[Date "1990.??.??"]
[Round "7"]
[White "Spraggett, Kevin B"]
[Black "Avshalumov, Alex"]
[Result "1/2-1/2"]
[WhiteElo "2555"]
[BlackElo "2450"]
[PlyCount "35"]
[EventDate "1990.02.??"]
[Source "www.chesslib.no"]
[SourceDate "2004.05.04"]

1. g3 f5 2. Bg2 Nf6 3. c4 g6 4. Nc3 d6 5. d3 Bg7 6. e4 fxe4 7. dxe4 c5 8. Nge2 Nc6 9. O-O O-O 10. f4 Be6 11. b3 Qd7 12. Bb2 Bg4 13. Qd2 e5 14. Rae1 Rf7 15. Nd5 Raf8 16. fxe5 dxe5 17. Nc1 b6 18. Nd3 1/2-1/2